| 000 | 01007nam a22002057a 4500 | ||
|---|---|---|---|
| 003 | DO-SdBNP | ||
| 005 | 20231030092705.0 | ||
| 008 | 161031b1999 sp 00| 0 spa d | ||
| 020 | _a8401260116 | ||
| 040 |
_aBPMSU _bspa _cBPMSU |
||
| 082 | 4 |
_aCo863.44 _bG216d 1999 _222 |
|
| 100 | 1 |
_aGarcía Márquez, Gabriel _d1928-2014 |
|
| 245 | 1 | 0 |
_aDoce cuentos peregrinos / _cGabriel García Márquez. |
| 260 |
_aBarcelona : _bPlaza & Janes editores, _c1999. |
||
| 300 |
_a220 p. ; _c20 cm. |
||
| 505 | 0 | _aPrólogo : por qué doce, por qué cuentos y por qué peregrinos -- Buen viaje, señor presidente -- La santa -- El avión de la bella durmiente -- Me alquilo para soñar -- "Sólo vine a hablar por teléfono" -- Espantos de agosto -- María dos Prazeres -- Diecisiete ingleses envenenados -- Tramontana -- El verano feliz de la señora Forbes -- La luz es como el agua -- El rastro de tu sangre en la nieve. | |
| 590 | _aInventariado, 2023/VM | ||
| 910 | _aVMateo V. Control de calidad. BPMSU | ||
| 942 |
_2ddc _cBK |
||
| 999 |
_c13096 _d13096 |
||